[Event "Live2"]
[Site "Helsingor"]
[Date "2013.03.25"]
[Round "5"]
[White "Endrup Jacobsen, Hans"]
[Black "Sigeman, Johan"]
[Result "1/2-1/2"]
[WhiteElo "1930"]
[BlackElo "2161"]

1.e4 e5 2.Nf3 Nc6 3.Bb5 a6 4.Ba4 Nf6 5.O-O Nxe4 6.d4 b5 7.Bb3 d5 8.dxe5 
Be6 9.c3 Bc5 10.Nbd2 O-O 11.Qe2 Bf5 12.Bd1 f6 13.Nb3 Bb6 14.Nbd4 Nxd4 15.
cxd4 fxe5 16.dxe5 d4 17.b4 Nc3 18.Bb3+ Kh8 19.Qd2 Qe7 20.Qg5 Qxg5 21.Nxg5 
h6 22.Nf7+ Kh7 23.Re1 d3 24.Be3 Ne2+ 25.Kh1 Bxe3 26.fxe3 a5 27.bxa5 c5 28.
Bd5 Ra7 29.Nd6 Nc3 30.Bf3 Rxa5 31.Rf1 g6 32.a3 Be6 33.h4 d2 34.Nb7 Ra4 35.
Nxc5 Rxh4+ 36.Kg1 Bd5 37.e4 Bc4 38.Rf2 d1=Q+ 39.Bxd1 Rxf2 40.Kxf2 Rh1 41.
a4 Nxd1+ 42.Kg3 bxa4 43.Rxa4 Nb2 44.Rb4 Nd3 45.Rxc4 Nxe5 1/2-1/2

[Event "Live2"]
[Site "Helsingor"]
[Date "2013.03.25"]
[Round "5"]
[White "Nielsen, Frode Benedikt"]
[Black "Bolding Pedersen, Henrik"]
[Result "1/2-1/2"]
[WhiteElo "2042"]
[BlackElo "2136"]

1.c4 c5 2.Nc3 g6 3.Nf3 Bg7 4.g3 Nc6 5.Bg2 d6 6.O-O e5 7.a3 a5 8.Qa4 Ne7 9.
Nd5 O-O 10.Nxe7+ Qxe7 11.d3 Bd7 12.Qc2 Rab8 13.Bg5 f6 1/2-1/2

[Event "Live2"]
[Site "Helsingor"]
[Date "2013.03.25"]
[Round "5"]
[White "Pedersen, Carsten"]
[Black "Christensen, Anders"]
[Result "1/2-1/2"]
[WhiteElo "1852"]
[BlackElo "1962"]

1.d4 Nf6 2.c4 e6 3.a3 b6 4.Nc3 Ba6 5.e3 d5 6.Nf3 Be7 7.Qa4+ Qd7 8.Ne5 Qxa4
9.Nxa4 dxc4 10.Nc3 Nd5 11.Bxc4 Bxc4 12.Nxc4 Nxc3 13.bxc3 f6 14.e4 Kf7 15.
O-O Rd8 16.Bb2 Na6 17.Ne3 c6 18.Rad1 Rd7 19.f4 Rad8 20.g4 c5 21.f5 cxd4 
22.fxe6+ Kxe6 23.cxd4 Nc7 24.d5+ Kf7 25.Kg2 Bc5 26.Nc4 Kg8 27.h4 Re8 28.
Kf3 Nb5 29.Rfe1 Nd6 30.Nd2 a6 31.Rc1 Rde7 32.g5 fxg5 33.hxg5 Rf7+ 34.Kg4 
Ref8 35.e5 Rf4+ 36.Kh3 Nf5 37.Re4 Rf2 38.Bc3 Ne3 39.d6 Re2 40.d7 Be7 41.
Rd4 Bxg5 42.Bb4 Rd8 43.Rc8 Kf7 44.Ne4 Be7 45.Nd6+ Ke6 46.Rxd8 Bxd8 47.Nb7 
Bc7 48.d8=Q Bxd8 49.Nxd8+ Kxe5 50.Nc6+ Kf5 51.Rd7 Nc2 52.Rxg7 Re3+ 53.Kg2 
a5 54.Bf8 Nxa3 1/2-1/2

[Event "Live2"]
[Site "Helsingor"]
[Date "2013.03.25"]
[Round "5"]
[White "Grau, Peter"]
[Black "Winther Lavrsen, Frands"]
[Result "1-0"]
[WhiteElo "2074"]
[BlackElo "1902"]

1.e4 Nc6 2.Nf3 d5 3.exd5 Qxd5 4.Nc3 Qh5 5.Be2 Bg4 6.O-O O-O-O 7.d3 e5 8.
Re1 Bb4 9.h3 Bxf3 10.Bxf3 Qg6 11.Bxc6 Qxc6 12.Qg4+ Kb8 13.Qxb4 f6 14.Be3 
Nh6 15.Qc5 Qa6 16.Nb5 c6 17.Nc3 Nf5 18.f3 Rd7 19.Bf2 Rhd8 20.Re4 Nd4 21.
Bxd4 Rxd4 22.Rxd4 Rxd4 23.Qf8+ Kc7 24.Qxg7+ Rd7 25.Qxf6 Qb6+ 26.Kh1 Qxb2 
27.Qxe5+ Kc8 28.Re1 Qxc2 29.a4 Rxd3 30.Qf5+ Kc7 31.Qf4+ Kb6 32.Rc1 Qf2 33.
Rb1+ 1-0

[Event "Live2"]
[Site "Helsingor"]
[Date "2013.03.25"]
[Round "5"]
[White "Find Kokfelt, Thomas"]
[Black "Falck Damborg, Benny"]
[Result "0-1"]
[WhiteElo "1843"]
[BlackElo "1959"]

1.e4 c6 2.d4 d5 3.exd5 cxd5 4.c4 Nf6 5.Nc3 g6 6.Nf3 Bg7 7.Qb3 O-O 8.cxd5 
Nbd7 9.Bf4 Nb6 10.Be2 Nfxd5 11.Be5 Be6 12.Ng5 Bf5 13.Bxg7 Kxg7 14.g4 Bc8 
15.Rd1 h6 16.Nge4 Nf4 17.Bf3 Nbd5 18.Nc5 e6 19.h4 b6 20.N5e4 Ba6 21.Nb5 
Bxb5 22.Qxb5 a6 23.Qb3 a5 24.a4 Qe7 25.Nc3 Qb4 26.Qxb4 axb4 27.Nxd5 exd5 
28.b3 Rac8 29.O-O Rc3 30.Bg2 Re8 31.Rb1 Re2 32.Kh2 Rd2 33.g5 hxg5 34.hxg5 
Rxd4 35.Rfd1 Rcd3 36.Re1 Nxg2 37.Kxg2 Rg4+ 38.Kf1 Rxg5 39.Re7 Rf5 40.Rb2 
Rc3 41.Rd7 Rc1+ 42.Ke2 Rc6 43.Rd2 Re6+ 44.Kf1 Rf3 45.R2xd5 Rxb3 46.Rb5 
Rb1+ 47.Kg2 Rb2 48.Kg3 Rf6 49.Rb7 Rfxf2 50.R7xb6 Rg2+ 51.Kf3 b3 52.a5 Rgc2
53.a6 Rc3+ 54.Ke4 Ra2 55.Kd4 Rc1 56.Rxb3 Rca1 57.Rf3 Rxa6 58.Rb7 Rf6 59.
Rg3 Re1 60.Rg5 Rd6+ 61.Kc5 Rd2 0-1